| 000 | 00749nam a22002057a 4500 | ||
|---|---|---|---|
| 005 | 20130521113012.0 | ||
| 010 | _aB-504960-979 | ||
| 020 |
_a9788183573344 _c630.00 |
||
| 035 | _aB-504960-979 | ||
| 037 | _bUBH/Ven | ||
| 082 | _a301 | ||
| 100 | _aChopra, J.K. | ||
| 245 |
_aSOCIOLOGY : _ban integral part of preparation for Civil Services and other Competitive Examinations /. _cby J.K.Chopra |
||
| 260 |
_aNew Delhi _bUnique Publishers _cc2013 |
||
| 270 |
_a4574/15 Padam Chand Marg, Ansari Road Drayaganj _bNew Delhi _e110002 |
||
| 300 |
_axx,900p.: _c24cm(pbk). |
||
| 500 | _aIt include index | ||
| 942 |
_2ddc _cEN _mCHO _h301 |
||
| 999 |
_c74430 _d74430 |
||